000 00358pab a2200145 454500
008 180718b1984 xxu||||| |||| 00| 0 eng d
100 _aHulten, Charles R.
245 _aTax policy and the investment decision
260 _c1984
300 _a236-41
362 _aMay
650 _aTaxation - U.S.A.
773 _aAmerican Economic Review
909 _a19060
999 _c19060
_d19060